Standard handbook for civil engineers / (Record no. 585857)

000 -LEADER
fixed length control field 01227cam a22003134a 4500
001 - CONTROL NUMBER
control field 13301087
005 - DATE AND TIME OF LATEST TRANSACTION
control field 20210709161801.0
008 - FIXED-LENGTH DATA ELEMENTS--GENERAL INFORMATION
fixed length control field 030805s2004 nyua bf 001 0 eng
010 ## - LIBRARY OF CONGRESS CONTROL NUMBER
LC control number 2003061440
020 ## - INTERNATIONAL STANDARD BOOK NUMBER
International Standard Book Number 0071364730 (acidfree paper)
040 ## - CATALOGING SOURCE
Original cataloging agency DLC
Transcribing agency DLC
Modifying agency DLC
042 ## - AUTHENTICATION CODE
Authentication code pcc
050 00 - LIBRARY OF CONGRESS CALL NUMBER
Classification number TA151
Item number .S8 2004
082 00 - DEWEY DECIMAL CLASSIFICATION NUMBER
Classification number 624
Author Mark RIC
245 00 - TITLE STATEMENT
Title Standard handbook for civil engineers /
Statement of responsibility, etc. editors, Jonathan T. Ricketts, M. Kent Loftin, Frederick S. Merritt.
250 ## - EDITION STATEMENT
Edition statement 5th ed.
260 ## - PUBLICATION, DISTRIBUTION, ETC.
Place of publication, distribution, etc. New York :
Name of publisher, distributor, etc. McGraw-Hill,
Date of publication, distribution, etc. c2004.
300 ## - PHYSICAL DESCRIPTION
Extent 1 v. (various pagings) :
Other physical details ill. ;
Dimensions 25 cm.
504 ## - BIBLIOGRAPHY, ETC. NOTE
Bibliography, etc. note Includes bibliographical references and index.
650 #0 - SUBJECT ADDED ENTRY--TOPICAL TERM
Topical term or geographic name entry element Civil engineering
Form subdivision Handbooks, manuals, etc.
9 (RLIN) 24733
700 1# - ADDED ENTRY--PERSONAL NAME
Personal name Ricketts, Jonathan T.
9 (RLIN) 42296
700 1# - ADDED ENTRY--PERSONAL NAME
Personal name Loftin, M. Kent.
9 (RLIN) 42295
700 1# - ADDED ENTRY--PERSONAL NAME
Personal name Merritt, Frederick S.
9 (RLIN) 26167
856 42 - ELECTRONIC LOCATION AND ACCESS
Materials specified Contributor biographical information
Uniform Resource Identifier <a href="http://www.loc.gov/catdir/bios/mh041/2003061440.html">http://www.loc.gov/catdir/bios/mh041/2003061440.html</a>
856 41 - ELECTRONIC LOCATION AND ACCESS
Materials specified Table of contents
Uniform Resource Identifier <a href="http://www.loc.gov/catdir/toc/mh041/2003061440.html">http://www.loc.gov/catdir/toc/mh041/2003061440.html</a>
856 42 - ELECTRONIC LOCATION AND ACCESS
Materials specified Publisher description
Uniform Resource Identifier <a href="http://www.loc.gov/catdir/description/mh041/2003061440.html">http://www.loc.gov/catdir/description/mh041/2003061440.html</a>
906 ## - LOCAL DATA ELEMENT F, LDF (RLIN)
b cbc
c orignew
d 2
e ocip
f 20
g y-gencatlg
942 ## - ADDED ENTRY ELEMENTS (KOHA)
Source of classification or shelving scheme
Koha item type Book
Holdings
Withdrawn status Lost status Source of classification or shelving scheme Damaged status Not for loan Permanent Location Current Location Date acquired Total Checkouts Full call number Barcode Date last seen Date last checked out Price effective from Koha item type
          School of Civil and Environmental Engineering (SCEE) School of Civil and Environmental Engineering (SCEE) 07/09/2021 2 624 RIC NIT-6158 10/21/2021 08/06/2021 07/09/2021 Book
© 2023 Central Library, National University of Sciences and Technology. All Rights Reserved.